000 00683nam a2200253 i 4500
001 C2-0237659
003 PPAK
005 20180727201051.0
008 020115s2001 ilua|||| ||||| | eng d
020 _a0737304235
040 _aPPAK
_beng
_cPPAK
_erda
082 0 4 _a616.994
_223
090 0 0 _a616.994
_bCAN
_dG
245 0 4 _aThe cancer pain sourcebook
264 1 _aIllinois :
_bContemporary Books ,
_c2001
300 _axviii, 301 pages :
_billustrations ;
_c23 cm
336 _2rdacontent
_atext
337 _2rdamedia
_aunmediated
338 _2rdacarrier
_avolume
650 1 0 _aCancer pain
700 _eauthor
700 1 _aCicala, Roger S.,
_eeditor
942 _ddc
_cB
999 _c53244
_d53244